• 首页
  • 本馆介绍
  • 公告通知
  • 最新文献
  • 馆藏检索
  • 电子资源
  • 读者导购
  • 参考咨询
  • 我的图书馆
  • 登录
  • 详细信息显示
  • 放入我的书架
  • 预约/预借图书
  • 作者相关作品
  • 分类相关作品
  • 丛书相关作品
  • 出版社相关作品

书目信息

  • 表格格式
  • 工作单格式
  • 卡片格式
题名:
游泳高手
    
 
作者: 沈潜 编著
分册:  
出版信息: 长沙   湖南文艺出版社  1999.04
页数: 185页
开本: 21cm
丛书名: 运动高手丛书
单 册:
中图分类: G861.119
科图分类:
主题词: 水上运动 , 雪上运动 , 冰上运动
电子资源:
ISBN: 7-5404-2033-2
000 00686nam2 2200253 45
001 0001061045
005 20040507085444.2
010    @a7-5404-2033-2@dCNY19.50
100    @a20000106d1999 km y0chiy0120 ea
101    @achi
105    @a z 000yy
200 1  @a游泳高手@AYou Yong Gao Shou@e技法图解@EJi Fa Tu Jie@f沈潜编著
210    @a长沙@c湖南文艺出版社@d1999.04
215    @a185页@d21cm
225    @a运动高手丛书
410    @12001 @a运动高手丛书
517    @a技法图解@AJi Fa Tu Jie
606 0  @a水上运动
606 0  @a雪上运动
606 0  @a冰上运动
690    @aG861.119@v1
701    @a沈潜@4编著
801    @aCN@bTSTC@c20000106
905    @dG861.119@e19@f4@b284609-612
    
    游泳高手:技法图解/沈潜编著.-长沙:湖南文艺出版社,1999.04
    185页;21cm.-(运动高手丛书)
    
    
    ISBN 7-5404-2033-2:CNY19.50
    
●
相关链接 在E读中查询图书 在五车中查询图书 在当当中查询图书 在豆瓣中查询图书


正题名:游泳高手     索取号:G861.119/19         预约/预借

序号 登录号 条形码 馆藏地/架位号 状态 备注
1 0284609   002846095   第四借阅区/ [索取号:G861.119/19] 在馆    
2 0284610   002846102   第四借阅区/ [索取号:G861.119/19] 在馆    
3 0284611   002846111   密集书库/ [索取号:G861.119/19] 在馆    
4 0284612   002846120   密集书库/ [索取号:G861.119/19] 在馆    
5 0284613   002846139   第一样本阅览室/ [索取号:G861.119/19] 在馆    
唐山师范学院图书馆 欢迎您!
大连网信软件有限公司© 版权所有